Normal view
MARC view
Entry Personal Name
001 - CONTROL NUMBER
- control field: 1126862
003 - CONTROL NUMBER IDENTIFIER
- control field: OSt
005 - DATE AND TIME OF LATEST TRANSACTION
- control field: 20260306154108.0
008 - FIXED-LENGTH DATA ELEMENTS
- fixed length control field: 260306|| aca||aabn | a|a d
040 ## - CATALOGING SOURCE
- Original cataloging agency: OSt
- Transcribing agency: OSt
100 ## - HEADING--PERSONAL NAME
- Personal name: Underhill/Blom/Mügge
670 ## - SOURCE DATA FOUND
- Source citation: Work cat.: (OSt)1706138: Underhill/Blom/Mügge, Global Financial Integration Thirty Years On 1st ed
